000
00265nam a22001217a 4500
008
181008b xxu||||| |||| 00| 0 eng d
041
_a
eng
080
_a
321
100
_a
19
101
_a
SHP
245
_a
The Astronomical Revolution
_c
Koyre, A
942
_2
udc
_c
BK
999
_c
49055
_d
49055